The Negro family in the United States /

Bibliographic Details
Main Author: Frazier, E. Franklin, 1894-1962
Format: Book
Language:English
Published: Chicago, Ill. : The University of Chicago press, [1939]
Series:University of Chicago sociological series.
Subjects:

MARC

Tag First Indicator Second Indicator Subfields
LEADER 00000cam a2200000 i 4500
001 in00000059367
005 20151007082407.0
008 751126s1939 ilua 00010 eng
010 |a  39020651  
035 |a (OCoLC)01855605 
035 |9 AAF7803AM 
040 |a DLC  |c CNC  |d TXA  |d UtOrBLW 
049 |a TXAM  |c [141799] 
050 0 0 |a E185.86  |b .F74 
092 |a 325.26  |b F848ne 
100 1 |a Frazier, E. Franklin,  |d 1894-1962. 
245 1 4 |a The Negro family in the United States /  |c by E. Franklin Frazier. 
264 1 |a Chicago, Ill. :  |b The University of Chicago press,  |c [1939] 
300 |a xxxii, 686 pages :  |b illustrations ;  |c 20 cm. 
336 |a text  |b txt  |2 rdacontent 
337 |a unmediated  |b n  |2 rdamedia 
338 |a volume  |b nc  |2 rdacarrier 
490 1 |a The University of Chicago sociological series 
504 |a "A classified bibliography": pages 641-669. 
586 |a Anisfield-Wolf Award, 1940 
650 0 |a African Americans  |x Social conditions. 
650 0 |a Families. 
830 0 |a University of Chicago sociological series. 
999 |a MARS 
999 f f |s ba707e97-504d-3f1c-be5a-a6b9e8274063  |i 5493fe5f-5350-3fef-82ad-38e5b094af62  |t 0 
952 f f |p normal  |a Texas A&M University  |b College Station  |c Sterling C. Evans Library  |d Evans: Library Stacks  |t 0  |e E185.86 .F74  |h Library of Congress classification  |i unmediated -- volume  |m A14800669712 
998 f f |a E185.86 .F74  |t 0  |l Evans: Library Stacks